Guidelines for Hazard Evaluation Procesures (Record no. 224905)

MARC details
000 -LEADER
fixed length control field 00512nam a2200181Ia 4500
008 - FIXED-LENGTH DATA ELEMENTS--GENERAL INFORMATION
fixed length control field 240823s9999||||xx |||||||||||||| ||und||
082 ## - DEWEY DECIMAL CLASSIFICATION NUMBER
-- 660.2904 N2
100 ## - MAIN ENTRY--PERSONAL NAME
Personal name Center for Chemical Process Safety
245 #0 - TITLE STATEMENT
Title Guidelines for Hazard Evaluation Procesures
250 ## - EDITION STATEMENT
Edition statement 2nd
260 ## - PUBLICATION, DISTRIBUTION, ETC. (IMPRINT)
Date of publication, distribution, etc 1995
Name of publisher, distributor, etc Center for Chemical Process S
500 ## - GENERAL NOTE
General note TRANSFERED
650 ## - SUBJECT ADDED ENTRY--TOPICAL TERM
Topical term or geographic name as entry element Hazard Evaluation
942 ## - ADDED ENTRY ELEMENTS (KOHA)
Item type Books
Holdings
Withdrawn status Lost status Damaged status Permanent location Current location Shelving location Date acquired Source of acquisition Cost, normal purchase price Full call number Barcode Date last seen Koha item type
      CENTRAL LIBRARY, NOORUL ISLAM CENTRE FOR HIGHER EDUCATION CENTRAL LIBRARY, NOORUL ISLAM CENTRE FOR HIGHER EDUCATION   08/11/2016 Del Net 1000.00 660.2904 N2 73675 08/23/2024 Books
Visitors:
Copyright © 2024 Central Library NICHE.  All rights reserved.